=LDR 00000nam 2200000 4500 =001 INLIS000000000061212 =005 20220922092800 =035 ##$$a 0010-0922000034 =007 ta =008 220922###########################0#ind## =020 ##$$a 978-979-3784-86-1 =082 ##$$a 336.2 =084 ##$$a 336.2 Sit p =100 #$$a Siti Kurnia Rahayu =245 1#$$a Perpajakan : $b Konsep dan Aspek Formal /$c Siti Kurnia Rahayu =260 ##$$a Bandung :$b Rekayasa Sains,$c 2017 =300 ##$$a 538 halaman : $b ilustrasi ; $c 25 Cm =650 #4$$a Pajak dan Perpajakan =990 ##$$a 22422242